Hating America : a history /

Bibliographic Details
Main Author: Rubin, Barry M.
Other Authors: Rubin, Judith Colp
Format: Book
Language:English
Published: New York : Oxford University Press, 2004.
Subjects:

MARC

Tag First Indicator Second Indicator Subfields
LEADER 00000pam a2200000 a 4500
001 in00002014713
005 20151031153419.0
008 040507s2004 nyu b 001 0 eng
010 |a  2004010808 
020 |a 0195167732 (acid-free paper) 
035 |a (OCoLC)ocm55149287 
040 |a DLC  |c DLC  |d UtOrBLW 
043 |a n-us--- 
049 |a TXAM 
050 0 0 |a E183.7  |b .R89 2004 
082 0 0 |a 973  |2 22 
100 1 |a Rubin, Barry M. 
245 1 0 |a Hating America :  |b a history /  |c Barry Rubin, Judith Colp Rubin. 
264 1 |a New York :  |b Oxford University Press,  |c 2004. 
300 |a xi, 307 pages ;  |c 25 cm. 
336 |a text  |b txt  |2 rdacontent 
337 |a unmediated  |b n  |2 rdamedia 
338 |a volume  |b nc  |2 rdacarrier 
504 |a Includes bibliographical references (pages 273-291) and index. 
505 0 |a A naturally degenerate land -- The distasteful republic -- The fear of an American future -- America as a horrible fate -- Yankee go home! -- Cold war and Coca Cola -- The great Satan -- America as super-villain -- An explicable unpopularity. 
650 0 |a Anti-Americanism  |x History. 
651 0 |a United States  |x Foreign public opinion. 
651 0 |a United States  |x Foreign relations. 
651 0 |a United States  |x History. 
650 0 |a National characteristics, American. 
700 1 |a Rubin, Judith Colp. 
945 |i PromptCat 
948 |a cataloged  |b h  |c 2004/12/20  |d c  |e dmitchel  |f 12:44:32 pm 
994 |a 92  |b TXA 
999 |a MARS 
999 f f |s 401cac6e-c7ca-3cb8-926c-3e395261b8ef  |i 66e5f2a9-c90f-32c8-842a-d80212a23051  |t 0 
952 f f |p ric  |a Texas A&M University  |b Rellis Campus  |c Joint Library Facility  |d Remote Storage  |t 0  |e E183.7 .R89 2004  |h Library of Congress classification  |i unmediated -- volume  |m A14831643008 
998 f f |a E183.7 .R89 2004  |t 0  |l Remote Storage